Normal view
MARC view
- Benjamin, Jack R
Entry Personal Name
001 - CONTROL NUMBER
- control field: 7559
003 - CONTROL NUMBER IDENTIFIER
- control field: OSt
005 - DATE AND TIME OF LATEST TRANSACTION
- control field: 20250610115349.0
008 - FIXED-LENGTH DATA ELEMENTS
- fixed length control field: 250610|| aca||aabn | a|a d
040 ## - CATALOGING SOURCE
- Original cataloging agency: OSt
- Transcribing agency: OSt
100 ## - HEADING--PERSONAL NAME
- Personal name: Benjamin, Jack R
670 ## - SOURCE DATA FOUND
- Source citation: Work cat.: (OSt)9052: Benjamin, Jack R ., Statically inter-terminate structures / , 1959.
